The legacy of Tracy J. Putnam and H. Houston Merritt : (Record no. 1279)

000 -LEADER
fixed length control field 03196nam a22005897a 4500
001 - CONTROL NUMBER
control field 15281842
003 - CONTROL NUMBER IDENTIFIER
control field OSt
005 - DATE AND TIME OF LATEST TRANSACTION
control field 20210501122418.0
008 - FIXED-LENGTH DATA ELEMENTS--GENERAL INFORMATION
fixed length control field 080424s2009 enkaf b 001 0ceng
010 ## - LIBRARY OF CONGRESS CONTROL NUMBER
LC control number 2008018981
016 7# - NATIONAL BIBLIOGRAPHIC AGENCY CONTROL NUMBER
Record control number 101472369
Source DNLM
020 ## - INTERNATIONAL STANDARD BOOK NUMBER
International Standard Book Number 9780195379525 (alk. paper)
020 ## - INTERNATIONAL STANDARD BOOK NUMBER
International Standard Book Number 0195379527
035 ## - SYSTEM CONTROL NUMBER
System control number (OCoLC)226949958
Canceled/invalid control number (OCoLC)223876849
035 ## - SYSTEM CONTROL NUMBER
System control number (OCoLC)ocn226949958
040 ## - CATALOGING SOURCE
Original cataloging agency DNLM/DLC
Transcribing agency DLC
Modifying agency NLM
-- BAKER
-- BTCTA
-- YDXCP
-- OCLCG
-- C#P
-- CDX
-- YUS
-- IXA
-- DLC
Language of cataloging eng
041 ## - LANGUAGE CODE
Language code of text/sound track or separate title eng
042 ## - AUTHENTICATION CODE
Authentication code pcc
043 ## - GEOGRAPHIC AREA CODE
Geographic area code n-us---
050 00 - LIBRARY OF CONGRESS CALL NUMBER
Classification number RC339.5
Item number .R69 2009
060 00 - NATIONAL LIBRARY OF MEDICINE CALL NUMBER
Classification number 2008 L-770
060 10 - NATIONAL LIBRARY OF MEDICINE CALL NUMBER
Classification number WZ 100
Item number P993r 2009
080 ## - UNIVERSAL DECIMAL CLASSIFICATION NUMBER
Universal Decimal Classification number 61 (09)
Item number R-85
082 00 - DEWEY DECIMAL CLASSIFICATION NUMBER
Classification number 616.80092/2
Edition number 22
100 1# - MAIN ENTRY--PERSONAL NAME
Personal name Rowland, Lewis P.
245 14 - TITLE STATEMENT
Title The legacy of Tracy J. Putnam and H. Houston Merritt :
Remainder of title modern neurology in the United States /
Statement of responsibility, etc. / by: Oxford University Press
260 ## - PUBLICATION, DISTRIBUTION, ETC.
Place of publication, distribution, etc. Oxford
-- New York
Name of publisher, distributor, etc. Oxford University Press
Date of publication, distribution, etc. 2009.
300 ## - PHYSICAL DESCRIPTION
Extent x, 159 p., [16] p. of plates
Other physical details ill.
Dimensions 25 cm.
504 ## - BIBLIOGRAPHY, ETC. NOTE
Bibliography, etc. note Includes bibliographical references and index.
505 0# - FORMATTED CONTENTS NOTE
Formatted contents note Dilantin: the great achievement of Tracy Jackson Putnam and H. Houston Merritt -- Putnam, a true Boston Brahmin -- Boston City Hospital: cradle of modern neurology in the United States -- Putnam moves from Harvard and Boston to Columbia and New York City: in harm's way -- Putnam at the New York Neurological Institute: clinical activity and vulnerability -- The Jewish question and political liberalism -- Putnam establishes basic and translational neuroscience at Columbia -- Putnam gets the boot: how it was done -- Phenytoin and the road from psychoanalysis to psychopharmacology -- H. Houston Merritt, 1902-1979 -- Merritt moves to New York: Montefiore and Columbia: another tale of two hospitals -- Putnam in California -- Merritt's last days.
600 10 - SUBJECT ADDED ENTRY--PERSONAL NAME
Personal name Putnam, Tracy Jackson,
Dates associated with a name 1894-1975.
600 10 - SUBJECT ADDED ENTRY--PERSONAL NAME
Personal name Merritt, H. Houston
Fuller form of name (Hiram Houston),
Dates associated with a name 1902-1979.
600 12 - SUBJECT ADDED ENTRY--PERSONAL NAME
Personal name Putnam, Tracy Jackson,
Dates associated with a name 1894-1975.
600 12 - SUBJECT ADDED ENTRY--PERSONAL NAME
Personal name Merritt, H. Houston
Fuller form of name (Hiram Houston),
Dates associated with a name 1902-1979.
610 20 - SUBJECT ADDED ENTRY--CORPORATE NAME
Corporate name or jurisdiction name as entry element Boston City Hospital.
Subordinate unit Neurological Unit
General subdivision History
Chronological subdivision 20th century.
610 20 - SUBJECT ADDED ENTRY--CORPORATE NAME
Corporate name or jurisdiction name as entry element Neurological Institute of New York
General subdivision History
Chronological subdivision 20th century.
650 #0 - SUBJECT ADDED ENTRY--TOPICAL TERM
Topical term or geographic name entry element Neurologists
Geographic subdivision United States
Form subdivision Biography.
650 #0 - SUBJECT ADDED ENTRY--TOPICAL TERM
Topical term or geographic name entry element History of Medicine
9 (RLIN) 335
650 #0 - SUBJECT ADDED ENTRY--TOPICAL TERM
Topical term or geographic name entry element Phenytoin
General subdivision History
Chronological subdivision 20th century.
650 12 - SUBJECT ADDED ENTRY--TOPICAL TERM
Topical term or geographic name entry element Neurology
Geographic subdivision United States
Form subdivision Biography.
650 22 - SUBJECT ADDED ENTRY--TOPICAL TERM
Topical term or geographic name entry element History, 20th Century
Geographic subdivision United States.
650 22 - SUBJECT ADDED ENTRY--TOPICAL TERM
Topical term or geographic name entry element Neurology
General subdivision history
Geographic subdivision United States.
650 22 - SUBJECT ADDED ENTRY--TOPICAL TERM
Topical term or geographic name entry element Neurosciences
General subdivision history
Geographic subdivision United States.
650 22 - SUBJECT ADDED ENTRY--TOPICAL TERM
Topical term or geographic name entry element Phenytoin
General subdivision history
Geographic subdivision United States.
653 ## - INDEX TERM--UNCONTROLLED
Uncontrolled term მედიცინის ისტორია
856 41 - ELECTRONIC LOCATION AND ACCESS
Materials specified Table of contents only
Uniform Resource Identifier <a href="http://www.loc.gov/catdir/toc/ecip0817/2008018981.html">http://www.loc.gov/catdir/toc/ecip0817/2008018981.html</a>
856 42 - ELECTRONIC LOCATION AND ACCESS
Materials specified Contributor biographical information
Uniform Resource Identifier <a href="http://www.loc.gov/catdir/enhancements/fy0907/2008018981-b.html">http://www.loc.gov/catdir/enhancements/fy0907/2008018981-b.html</a>
856 42 - ELECTRONIC LOCATION AND ACCESS
Materials specified Publisher description
Uniform Resource Identifier <a href="http://www.loc.gov/catdir/enhancements/fy0907/2008018981-d.html">http://www.loc.gov/catdir/enhancements/fy0907/2008018981-d.html</a>
906 ## - LOCAL DATA ELEMENT F, LDF (RLIN)
a 7
b cbc
c orignew
d 1
e ecip
f 20
g y-gencatlg
942 ## - ADDED ENTRY ELEMENTS (KOHA)
Source of classification or shelving scheme
Koha item type Books
Holdings
Withdrawn status Lost status Source of classification or shelving scheme Damaged status Not for loan Permanent location Current location Date acquired Inventory number Total Checkouts Full call number Barcode Date last seen Price effective from Koha item type
          Ken Walker International University Ken Walker International University 02/08/2021 1375   61 (09) R-85 1375 02/08/2021 02/08/2021 Books

Powered by Koha